<?xml version="1.0" encoding="UTF-8"?>
<record
    xmlns:xsi="http://www.w3.org/2001/XMLSchema-instance"
    xsi:schemaLocation="http://www.loc.gov/MARC21/slim http://www.loc.gov/standards/marcxml/schema/MARC21slim.xsd"
    xmlns="http://www.loc.gov/MARC21/slim">

  <leader>03040nam a22003617a 4500</leader>
  <controlfield tag="001">AU-008 | 8498 | AEC-0001</controlfield>
  <controlfield tag="003">FranzMayer</controlfield>
  <controlfield tag="005">20260505162732.0</controlfield>
  <controlfield tag="006">t||||g||||| 00| |</controlfield>
  <controlfield tag="007">tz</controlfield>
  <controlfield tag="008">260218s1545    sp i|||g||||| 00| | spa d</controlfield>
  <datafield tag="040" ind1=" " ind2=" ">
    <subfield code="a">BMFM</subfield>
    <subfield code="b">spa</subfield>
  </datafield>
  <datafield tag="041" ind1="0" ind2=" ">
    <subfield code="a">spa</subfield>
  </datafield>
  <datafield tag="084" ind1=" " ind2=" ">
    <subfield code="a">CS-L1-N2</subfield>
  </datafield>
  <datafield tag="245" ind1="0" ind2="0">
    <subfield code="a">[Ejecutoria de hidalgu&#xED;a]. Emitida a solicitud de Juan Alonso de Spinola, vecino de Valdepe&#xF1;as (Ja&#xE9;n)</subfield>
  </datafield>
  <datafield tag="246" ind1="1" ind2="3">
    <subfield code="a">Ejecutoria de Hidalgu&#xED;a emitida a solicitud de Juan Alonso de Spinola</subfield>
  </datafield>
  <datafield tag="260" ind1=" " ind2=" ">
    <subfield code="a">Granada, Espa&#xF1;a,</subfield>
    <subfield code="c">1545</subfield>
  </datafield>
  <datafield tag="300" ind1=" " ind2=" ">
    <subfield code="a">26 h.;</subfield>
    <subfield code="c">31 x 22 x 2 cm</subfield>
  </datafield>
  <datafield tag="500" ind1=" " ind2=" ">
    <subfield code="a">Fecha completa de publicaci&#xF3;n: 20/03/1545</subfield>
  </datafield>
  <datafield tag="520" ind1="3" ind2=" ">
    <subfield code="a">Carta ejecutoria emitida a favor de Juan Alonso de Spinola, vecino de Valdepe&#xF1;as, Ja&#xE9;n, Espa&#xF1;a.</subfield>
  </datafield>
  <datafield tag="563" ind1=" " ind2=" ">
    <subfield code="a">Otras referencias f&#xED;sicas: Encuadernaci&#xF3;n entera en piel. El cuerpo del libro est&#xE1; constituido por hojas de pergamino que forman un cuadernillo unido mediante costura pasada, que lo atraviesa y llega hasta la cubierta, tambi&#xE9;n de pergamino. Parece haber tenido una costura previa, debido a que hay orificios que no coinciden con los orificios de costura actuales. Cantos del cuerpo del libro dorados&lt;br/&gt;La cartera tiene un refuerzo de pergamino adherido en el lomo, que une ambas tapas. Los soportes de las tapas est&#xE1;n hechos de varias hojas de papel de re&#xFA;so impreso. Antes de la cartera, el cuerpo del libro parece haber tenido una cubierta de pergamino, cuyas tapas se usaron como contraguardas en la encuadernaci&#xF3;n actual para unir el cuerpo a la cartera en pie. Decoraci&#xF3;n con dorado en las tapas y en el lomo. Texto manuscrito con tinta ferrog&#xE1;lica. Anotaciones al margen con tinta ferrog&#xE1;lica, distintas en color y caligraf&#xED;a del texto general</subfield>
  </datafield>
  <datafield tag="591" ind1=" " ind2=" ">
    <subfield code="a">Estado de Conservaci&#xF3;n: Bueno</subfield>
  </datafield>
  <datafield tag="591" ind1=" " ind2=" ">
    <subfield code="b">Descripci&#xF3;n de conservaci&#xF3;n: Presenta suciedad, manchas, galer&#xED;as m&#xED;nimas y puntas de la cartera desnuda</subfield>
  </datafield>
  <datafield tag="592" ind1=" " ind2=" ">
    <subfield code="a">Marcas Adicionales: Texto escrito en letra g&#xF3;tica. En la primera hoja se observa una firma y una nota manuscrita. En la segunda hoja, en la esquina superior izquierda hay un escudo con el nombre del rey a la derecha, sobre un fondo azul. En la mitad inferior se observa un escudo de armas con fondo dorado y decoraci&#xF3;n floral. Los m&#xE1;rgenes est&#xE1;n decorados con una doble l&#xED;nea roja. Las letras capitulares, distribuidas a lo largo del documento, tienen aproximadamente seis l&#xED;neas de altura, y est&#xE1;n decoradas en dorado sobre fondo rojo</subfield>
  </datafield>
  <datafield tag="600" ind1="1" ind2="0">
    <subfield code="a">Spinola, Juan Garc&#xED;a</subfield>
    <subfield code="x">Genealogy</subfield>
    <subfield code="9">30105</subfield>
  </datafield>
  <datafield tag="650" ind1="1" ind2="0">
    <subfield code="a">Nobility </subfield>
    <subfield code="z">Kingdoms of Spain</subfield>
    <subfield code="9">30106</subfield>
  </datafield>
  <datafield tag="650" ind1="1" ind2="0">
    <subfield code="a">Legal status, laws, etc.</subfield>
    <subfield code="x">History</subfield>
    <subfield code="y">16th century</subfield>
    <subfield code="z">Spain</subfield>
    <subfield code="z">Castile</subfield>
    <subfield code="9">30107</subfield>
  </datafield>
  <datafield tag="655" ind1=" " ind2="0">
    <subfield code="a">Illumination of books and manuscripts, Gothic</subfield>
    <subfield code="x">Themes, motifs</subfield>
    <subfield code="z">Spain</subfield>
    <subfield code="z">Castile</subfield>
    <subfield code="9">30108</subfield>
  </datafield>
  <datafield tag="710" ind1="1" ind2="3">
    <subfield code="a">Real Audiencia y Chanciller&#xED;a de Granada</subfield>
    <subfield code="9">30047</subfield>
  </datafield>
  <datafield tag="856" ind1=" " ind2=" ">
    <subfield code="q">TIF//PDF</subfield>
    <subfield code="u">https://bibliotecadigital.franzmayer.org.mx/items/defd3146-b53d-4a3f-afd4-f3e5c6f97345</subfield>
    <subfield code="y">Biblioteca Digital Franz Mayer</subfield>
  </datafield>
  <datafield tag="902" ind1=" " ind2=" ">
    <subfield code="a">KH</subfield>
    <subfield code="a">TV</subfield>
    <subfield code="a">FM</subfield>
  </datafield>
  <datafield tag="942" ind1=" " ind2=" ">
    <subfield code="2">lcc</subfield>
    <subfield code="c">D</subfield>
  </datafield>
  <datafield tag="999" ind1=" " ind2=" ">
    <subfield code="c">11100</subfield>
    <subfield code="d">11100</subfield>
  </datafield>
  <datafield tag="952" ind1=" " ind2=" ">
    <subfield code="0">0</subfield>
    <subfield code="1">0</subfield>
    <subfield code="2">lcc</subfield>
    <subfield code="4">0</subfield>
    <subfield code="5">2</subfield>
    <subfield code="7">0</subfield>
    <subfield code="8">LAR</subfield>
    <subfield code="a">BRCA</subfield>
    <subfield code="b">BRCA</subfield>
    <subfield code="f">CS-L1-N2</subfield>
    <subfield code="i">AU-008 | 8498 | AEC-0001</subfield>
    <subfield code="l">0</subfield>
    <subfield code="p">LAR00205</subfield>
    <subfield code="r">2026-02-18 12:41:00</subfield>
    <subfield code="y">D</subfield>
  </datafield>
</record>
